The bronze age.

Bibliographic Details
Main Author: Childe, V. Gordon (Vere Gordon), 1892-1957
Format: Book
Language:English
Published: New York : Biblo and Tannen, 1963.
Series:Biblo and Tannen's archives of civilization, v. 3
Subjects:

MARC

Tag First Indicator Second Indicator Subfields
LEADER 00000cam a2200000 4500
001 in00000046164
005 20151007065342.0
008 750707s1963 nyu b 00000 eng u
010 |a  63018050  
035 |a (OCoLC)01433353 
035 |9 AAE1815AM 
040 |c ORL  |d TXA  |d UtOrBLW 
049 |a TXAM  |c [366355] 
050 0 0 |a GN777  |b .C5 1963 
082 0 |a 571.3 
092 |a 571.3  |b G536b, 1963 
100 1 |a Childe, V. Gordon  |q (Vere Gordon),  |d 1892-1957. 
245 1 4 |a The bronze age. 
264 1 |a New York :  |b Biblo and Tannen,  |c 1963. 
300 |a xii, 258 pages :  |b illustrations ;  |c 21 cm. 
336 |a text  |b txt  |2 rdacontent 
337 |a unmediated  |b n  |2 rdamedia 
338 |a volume  |b nc  |2 rdacarrier 
490 0 |a Biblo and Tannen's archives of civilization, v. 3 
504 |a Bibliography: pages [248]-253. 
650 0 |a Bronze age. 
999 |a MARS 
999 f f |s 28b0bbff-d509-36c6-a49e-31b4da9fa041  |i 3ea4c43f-c976-395e-a9b9-601f1671c49b  |t 0 
952 f f |p ric  |a Texas A&M University  |b Rellis Campus  |c Joint Library Facility  |d Remote Storage  |t 0  |e GN777 .C5 1963  |h Library of Congress classification  |i unmediated -- volume  |m A14800966910 
952 f f |p noncirc  |a Texas A&M University  |b College Station  |c Sterling C. Evans Library  |d Bodrum (located in Turkey)  |t 0  |e GN777 .C5 1963  |h Library of Congress classification  |i unmediated -- volume 
998 f f |a GN777 .C5 1963  |t 0  |l Remote Storage 
998 f f |a GN777 .C5 1963  |t 0  |l Bodrum (located in Turkey)